Movies Quiz

Random Movies or Rock Quiz

Dwayne 'The Rock' Johnson Movies Quiz Stats

 Plays Quiz Updated Aug 2, 2019

Score 0/36 Timer 09:00
5 Plays Today
Year Movie % Correct
2019Hobbs & Shaw
80.4%
2011Fast Five
80.1%
2015Furious 7
76%
2016Moana
75.9%
2013Fast & Furious 6
73.5%
2017Jumanji: Welcome to the Jungle
73.1%
2017The Fate of the Furious
72.7%
2002The Scorpion King
60.9%
2018Skyscraper
56.5%
2001The Mummy Returns
55.6%
2010Tooth Fairy
53.8%
2018Rampage
49.3%
2017Baywatch
44%
2016Central Intelligence
42.6%
2004Walking Tall
41.4%
2008Get Smart
39.8%
2015San Andreas
39.8%
2019Fighting with My Family
36%
Year Movie % Correct
2010The Other Guys
34.1%
2003The Rundown
32.4%
2007The Game Plan
29.6%
2013G.I. Joe: Retaliation
28.8%
2005Doom
27.7%
2013Pain & Gain
25.3%
2005Be Cool
23.1%
2006Gridiron Gang
22.6%
2009Race to Witch Mountain
22.6%
2014Hercules
22.4%
2012Journey 2: The Mysterious Island
20.7%
2010Faster
17%
2013Snitch
15.7%
2009Planet 51
14.4%
2006Southland Tales
12.3%
2013Empire State
9.7%
2001Longshot
7.9%
2015Jem and the Holograms
5.8%

You're not logged in!

Compare scores with friends on all Sporcle quizzes.
OR
Log In

Sporcle TV

Today on Sporcle TV


Watch our educational content, quiz creation guides, and fun videos on Sporcle TV.

Show Comments

Extras

Top Quizzes Today


Score Distribution

Your Account Isn't Verified!

In order to create a playlist on Sporcle, you need to verify the email address you used during registration. Go to your Sporcle Settings to finish the process.

Report this User

Report this user for behavior that violates our Community Guidelines.

Details: